Vyhorenému hradu pomáhajú aj zo zahraničia obnova zbierok

Bibliographic Details
Format: Article
Language:Slovak
PhysicalDescription:Fotogr.
ISSN:1338-841X
Subjects:

MARC

LEADER 00000nab a2200000 a 4500
001 vtls010543585
003 SK-MaSNL
005 20260305040508.0
008 130916c20130903xo wr| 0 0slo
038 |a RVGKPD 
040 |a RVGKPD  |b slo  |c RVGKPD  |e AACR2 
041 |a slo 
044 |a xo  |c SK 
080 |a 728.81  |x (437.6)  |2 1997 
080 |a 069.5:7.025.4  |2 1997 
245 0 0 |a Vyhorenému hradu pomáhajú aj zo zahraničia  |b obnova zbierok  |c [autor] (šim) 
300 |b Fotogr. 
610 2 7 |a Krásna Hôrka (Krásnohorské Podhradie, Slovensko : hrad)  |2 rvgkpd  |9 31335 
650 0 7 |a múzejné zbierkové predmety  |2 rvgkpd  |9 106948 
650 0 7 |a reštaurátorstvo  |2 rvgkpd  |9 18959 
651 7 |a Rožňava (Slovensko : okres)  |2 rvgkpd  |9 19215 
773 0 |t Rožňavský korzár : týždenník  |g Roč. II, č. 35 (3.9.2013), s. 4  |x 1338-841X 
852 |a RVGKPD  |b KIS3G 
992 |a RBX 
999 |c 3338688  |d 3340618